Lar doce lar (Record no. 15960)

MARC details
000 -Etiqueta do registo
Valores 00654nam a2200217 4500
010 ## - Número ISBN
ISBN 9789898866950
021 ## - Número do Depósito Legal
Número 470107/20
100 ## - Dados gerais de processamento
Dados gerais 20200508d2020 m y0pory50030103ba
200 1# - Titulo e menção de responsabilidade
Título próprio Lar doce lar
Primeira menção de responsabilidade Francesca Pirrone
210 #9 - Publicação
Local de publicação Coimbra
Nome do editor Minotauro,
Data de publicação 2020
215 ## - Descrição física 
Paginação / Volumes 1 v.
Outras indicações físicas il.
Dimensões 28 cm
304 ## - Nota relativa ao título
Texto de nota Tít. orig.: Casa dolce casa
675 ## - CDU
Notação 087.5
Edição BN
Língua por
675 ## - CDU
Notação 821.131.1-93"20"
Edição BN
Língua por
675 ## - CDU
Notação 821.131.1-34"20"
Edição BN
Língua por
700 #1 - Autor principal (pessoa individual)
Apelido Pirrone,
Nome Francesco
801 #0 - Fonte de origem
País PT
Agência BN
Regras de catalogação RPC
856 41 - Localização e acesso electrónico 
URL <a href="http://rnod.bnportugal.gov.pt/ImagesBN/winlibimg.aspx?skey=&doc=2044015&img=143690&save=true">http://rnod.bnportugal.gov.pt/ImagesBN/winlibimg.aspx?skey=&doc=2044015&img=143690&save=true</a>
990 ## - Elementos KOHA
Tipo de documento Livro
Holdings
Situação do levantamento Estado Biblioteca de origem Código de barras Cota Permissão de empréstimo Tipo de documento Nota relativa ao exemplar Forma de aquisição
    Biblioteca Municipal do Alandroal C16954/21 087,5 PIR   Livro Um mergulho nas leituras Compra

Powered by Koha